Mehmoob ki mehndi / (Record no. 45318)

MARC details
000 -LEADER
fixed length control field 01429njm a22002777a 4500
005 - DATE AND TIME OF LATEST TRANSACTION
control field 20100913100512.0
007 - PHYSICAL DESCRIPTION FIXED FIELD--GENERAL INFORMATION
fixed length control field sd ammalaaahaa
008 - FIXED-LENGTH DATA ELEMENTS--GENERAL INFORMATION
fixed length control field 100913t xxu||||| |||| 00| 0 hin d
028 ## - PUBLISHER NUMBER
Publisher number BOE. 2076
Source ODEON
035 ## - SYSTEM CONTROL NUMBER
System control number GR-02033
040 ## - CATALOGING SOURCE
Original cataloging agency SED/VEN
100 ## - MAIN ENTRY--PERSONAL NAME
Personal name Mohd. Rafi
9 (RLIN) 1184
245 ## - TITLE STATEMENT
Title Mehmoob ki mehndi /
Statement of responsibility, etc by Mohd. Rafi & Lata Mangeshkar ; music by Laxmikant Pyarelal ; lyric by Anand Bakshi
Medium [sound recording] :
246 ## - VARYING FORM OF TITLE
Title proper/short title मेहमूब की मेहँदी (मोहमद रफ़ी &लता मंगेशकर )
260 ## - PUBLICATION, DISTRIBUTION, ETC. (IMPRINT)
Place of publication, distribution, etc Dum Dum India
Name of publisher, distributor, etc ODEON
Date of publication, distribution, etc 1970
300 ## - PHYSICAL DESCRIPTION
Extent 1 sound disc [Gramophone record] :
Other physical details analog, 45 1/3 rpm
Dimensions 7 in.
Type of unit Gramophone Record
500 ## - GENERAL NOTE
General note Brief Record
500 ## - GENERAL NOTE
General note ODEN
500 ## - GENERAL NOTE
General note Black
505 ## - FORMATTED CONTENTS NOTE
Formatted contents note Itna to yad hai mujhe part 1 (Mehmoob ki mehndi) (Mohd. Rafi) इतना तो याद है मुझे पार्ट १ (महबूब की मेहँदी ) (मोहमद रफ़ी ) Mere diwanepan ki bhi dawa nahin part 2 (Mehmoob ki mehndi) (Kishore kumar) मेरे दीवानेपन की भी दवा नहीं पार्ट २ (मेहमूब की मेहँदी ) (किशोरे कुमार )
650 ## - SUBJECT ADDED ENTRY--TOPICAL TERM
Topical term or geographic name as entry element Classical Music
General subdivision Excerpts
Geographic subdivision India
9 (RLIN) 19603
Form subdivision Film song
700 ## - ADDED ENTRY--PERSONAL NAME
Personal name Laxmikant Pyarelal
9 (RLIN) 19604
700 ## - ADDED ENTRY--PERSONAL NAME
Personal name Bakshi, Anand
9 (RLIN) 19605
700 ## - ADDED ENTRY--PERSONAL NAME
9 (RLIN) 19610
942 ## - ADDED ENTRY ELEMENTS (KOHA)
Source of classification or shelving scheme Dewey Decimal Classification
Item type Gramaphone Records

No items available.


© Delhi Public Library
Hit Counter
free hit counter